| 000 | 00344nam a2200145Ia 4500 | ||
|---|---|---|---|
| 008 | 230312s9999||||xx |||||||||||||| ||und|| | ||
| 020 | _a81-239-2311-6 | ||
| 082 |
_a612 _bUDA-M |
||
| 100 | _aUdaykumar;Padmaja | ||
| 245 | 0 | _aMedical Pharmacology | |
| 260 |
_bCBS _aIndia _c2013 |
||
| 300 | _a668 | ||
| 650 |
_aMedical _vPharmacology |
||
| 942 | _cBK | ||
| 999 |
_c9972 _d9972 |
||